000
00359nam a22001457a 4500
008
230411b |||||||| |||| 00| 0 eng d
020
_a
9780062295057
082
_a
813.54
100
_a
Amy Zhang
245
_a
Falling into Place
260
_b
Greenwillow Books,
_c
2015
300
_a
312 p.
_c
20.5 cm
942
_2
ddc
999
_c
9522
_d
9523